00385nam a2200121Ia 4500008004100000100003800041245002900079260004200108300000800150942000700158999001500165952008300180201216s9999 xx 000 0 und d aBishop, R. E. D. and Price, W. G. 0aHydroelasticity of Ships aCambridgebCambridge University Press a423 cBK c6242d6242 00104070aCLd2020-12-16o623.812 B6221pPM01243r2020-12-16w2020-12-16yBK